• 首页
  • 本馆介绍
  • 公告通知
  • 最新文献
  • 馆藏检索
  • 电子资源
  • 读者导购
  • 参考咨询
  • 我的图书馆
  • 登录
  • 详细信息显示
  • 放入我的书架
  • 预约/预借图书
  • 作者相关作品
  • 分类相关作品
  • 丛书相关作品
  • 出版社相关作品

书目信息

  • 表格格式
  • 工作单格式
  • 卡片格式
书名: Iron cages
作者: Ronald T. Takaki.
分册号:
分册名:
出版地: Seattle :
 
出版社: University of Washington Press
出版时间: 1982, c1979.
页数: xviii, 361 p. :
开本: 24 cm.
丛书名:
中图分类号:
科图分类号:
其他分类号: G171.2
主题词:
电子资源:
000 01133pam a2200313 a 450
001 E0738389944
005 20070505103235.40
008 811222r19821979waua b 001 0 eng
010    @a81021940
020    @a0295959045 (pbk.).
035    @A(DLC) 81021940
040    @aDLC@cDLC@dDLC
043    @an-us---
050 00 @aE184.A1@bT337 1982
082 00 @a973/.04@2 19
090    @aG171.2
099    @dG171.2@ex7
100 1  @aTakaki, Ronald T.,@d1939-
245 10 @aIron cages :@brace and culture in nineteenth-century America / @cRonald T. Takaki.
260    @aSeattle :@bUniversity of Washington Press,@c1982, c1979.
300    @axviii, 361 p. :@bill. ;@c24 cm.
500    @aIncludes index.
500    @aOriginally published: 1st ed. New York : Knopf, 1979.
504    @aBibliography: p. 333-349.
650  0 @aMinorities@zUnited States@xHistory@y19th century.
651  0 @aUnited States@xRace relations@xHistory@y19th century.
651  0 @aUnited States@xCivilization@y19th century.
906    @a7@bcbc@corignew@d1@eocip@f19@gy-gencatlg
991    @bc-GenColl@hE184.A1@iT337 1982@p0000953989A@tCopy 1@wBOOKS
    
    Iron cages : : race and culture in nineteenth-century America / / Ronald T. Takaki.-Seattle : : University of Washington Press, , 1982, c1979.
    xviii, 361 p. : : ill. ; ; 24 cm.
    Includes index.-Originally published: 1st ed. New York : Knopf, 1979.-Bibliography: p. 333-349.
    
    ISBN 0295959045 (pbk.).
    
●
相关链接 在E读中查询图书 在五车中查询图书 在当当中查询图书 在豆瓣中查询图书


正题名:Iron cages     索取号:G171.2/x7         预约/预借

序号 登录号 条形码 馆藏地/架位号 状态 备注
1 6763   300067638   第二样本阅览室/ [索取号:G171.2/x7] 在馆    
唐山师范学院图书馆 欢迎您!
大连网信软件有限公司© 版权所有